LEADER 01227cam--2200397---450 001 990005794280203316 005 20180102141523.0 035 $a000579428 035 $aUSA01000579428 035 $a(ALEPH)000579428USA01 035 $a000579428 100 $a20130111d1962----km-y0itay50------ba 101 0 $aita$agrc 102 $aIT 105 $ay|||z|||001yy 200 1 $a<>apologia di Socrate$fPlatone$gintroduzione, testo critico e commento a cura di Giuseppe Cammelli 210 $aNapoli$cLoffredo$d1962 215 $a121 p.$d23 cm 300 $aCon il testo originale 500 11$aApologia S?kratous$913076 676 $a183.2 700 0$aPLATO$0292329 702 1$aCAMMELLI,$bGiuseppe 801 0$aIT$bsalbc$gISBD 912 $a990005794280203316 951 $aXV.8. 810$b224313 L.M.$cXV.8. 959 $aBK 969 $aFSO 979 $aANNAMARIA$b90$c20130111$lUSA01$h0841 979 $aANNAMARIA$b90$c20130111$lUSA01$h0842 979 $aANNAMARIA$b90$c20130111$lUSA01$h0859 979 $aANNAMARIA$b90$c20130111$lUSA01$h0957 979 $aANNAMARIA$b90$c20170131$lUSA01$h0943 979 $aANNAMARIA$b90$c20170131$lUSA01$h1022 996 $aApologia S?kratous$913076 997 $aUNISA LEADER 01309nam a22002771i 4500 001 991000312599707536 005 20040809105138.0 008 040920s1998 it ita 020 $a9788882330439 035 $ab13203721-39ule_inst 035 $aARCHE-114996$9ExL 040 $aSet. Economia$bita$cA.t.i. Arché s.c.r.l. Pandora Sicilia s.r.l. 082 04$a346.4506 100 1 $aFrascarelli, Mario$0381080 245 14$aGli enti non commerciali :$bassociazioni riconosciute, associazioni non riconosciute, circoli, comitati, clubs, fondazioni, ONLUS, ONG, organizzazioni sportive, organizzazioni di volontariato : tutte le novità per il "non profit", disciplina civilistica, nuova disciplina tributaria, adeguamenti statuari, nuove disposizioni contabili, nuove agevolazioni /$cMario Frascarelli 250 $a2. ed 260 $aMilano :$bFAG,$c1998 300 $a412 p. ;$c24 cm 490 $aSocietà 650 4$aEnti senza scopo di lucro$xGuide pratiche 907 $a.b13203721$b26-03-19$c23-09-04 912 $a991000312599707536 945 $aLE025 ECO 346 FRA02.03$g1$i2025000171732$lle025$nCatalogato 2019$o-$pE0.00$q-$rl$s- $t0$u3$v3$w3$x0$y.i13858622$z23-09-04 996 $aEnti non commerciali$9668694 997 $aUNISALENTO 998 $ale025$b23-09-04$cm$da $e-$fita$git $h4$i1